Novelas escogidas (Registro nro. 5174)
[ vista simple ]
| 000 -ENCABEZADO | |
|---|---|
| Número de control [NR] | 00773nam a2200193Ia 4500 |
| 008 - DE LONGITUD FIJA DE DATOS DE ELEMENTOS - INFORMACIÓN GENERAL | |
| Elementos de longitud fija [NR] | 130821s1960 sp gr spa |
| 040 ## - FUENTE DE CATALOGACION [NR] | |
| Agencia de catalogación original [NR] | Co-BoUCM |
| Idioma de catalogación [NR] | spa |
| 041 ## - CODIGO DE IDIOMA [R] | |
| Código de idioma para texto/pista de sonido o título separado [R] | Español |
| 100 1# - ASIENTO PRINCIPAL--NOMBRE PERSONAL [NR] | |
| Nombre personal [NR] | Mauriac, Francois |
| ID Autoridad | 83141 |
| 245 10 - MENCION DE TITULO [NR] | |
| Título [NR] | Novelas escogidas |
| Mención de responsabilidad, etc. [NR] | Francois Mauriac. |
| 260 ## - PUBLICACION, DISTRIBUCION, ETC. (PIE DE IMPRENTA) [R] | |
| Lugar de publicación, distribución, etc. [R] | Madrid (España) |
| Nombre del editor, distribuidor, etc. [R] | Aguilar |
| Fecha de publicación, distribución, etc. [R] | 1960 |
| 300 ## - DESCRIPCION FISICA [R] | |
| Extensión [R] | 1329 páginas |
| 505 ## - NOTA DE CONTENIDO CON FORMATO PREESTABLECIDO [R] | |
| Nota de contenido con formato preestablecido [NR] | El beso del leproso. -- El rio de fuego. -- Genitrix. -- El desierto del amor. -- Therese desqueyroux. -- Nudo de víboras. -- El misterio Frontenac. -- El fin de la noche. -- Los ngeles negros. -- La farisea. |
| 650 04 - ASIENTO SECUNDARIO DE MATERIA - TERMINO TEMATICO [R] | |
| Término temático o nombre geográfico como elemento de entrada [NR] | Literatura europea |
| 9 (RLIN) | 26524 |
| 650 04 - ASIENTO SECUNDARIO DE MATERIA - TERMINO TEMATICO [R] | |
| Término temático o nombre geográfico como elemento de entrada [NR] | Literatura francesa |
| 9 (RLIN) | 7794 |
| 650 04 - ASIENTO SECUNDARIO DE MATERIA - TERMINO TEMATICO [R] | |
| Término temático o nombre geográfico como elemento de entrada [NR] | Novela francesa |
| 9 (RLIN) | 20506 |
| 942 ## - ELEMENTOS DE ENTRADA AGREGADOS (KOHA) | |
| Tipo de ítem principal el descrito en 300a | Libro |
| Tema principal | Literatura |
| Edición | 1 |
| Parte restante de la signatura top. | M18 |
| Sistema de clasificación | DEWEY |
| Clasificación | 843.8 |
| Signatura topográfica | Código de barras | Última vez visto | Ejemplar | Price effective from | Tipo de ítem | Perdido | Sistema de clasificación | Dañado | No prestable | Tipo de ítem específico | Suprimido | Ubicación habitual | Ubicación actual | Localización | Fecha de creación | Forma de adquisición | Costo |
|---|---|---|---|---|---|---|---|---|---|---|---|---|---|---|---|---|---|
| 843.8 M18 | 100004336 | 01/12/2025 | Ej.1 | 03/02/2013 | Libro | DEWEY | Libro | Hospital Universitario Mayor | Hospital Universitario Mayor | 9no piso | 28/02/2003 | Donación | 180.00 |